000 00743nam a2200217Ii 4500
003 JO-AjNU
008 230605s9999||||xx |||||||||||||| ||und||
017 _a2006/4/953
040 _aJO-AjNU
_bara
_erda
_cJO-AjNU
041 _aara
050 1 4 _aPJ616 2006
100 3 _aتاليف اللحام،حسام,
_eauthor
_916664
245 0 0 _aالبحث البلاغي في معجم أساس البلاغة
250 _aط1
264 3 1 _aعمان: دار فضاءات للنشر والتوزيع والطباعة، 2006
300 _a82ص
336 _atext
_btxt
_2rdacontent
337 _aunmediated
_bn
_2rdamedia
338 _avolume
_bnc
_2rdacarrier
650 4 _aالبحث البلاغي-معجم اساس البلاغة-معجم
_916665
999 _aA4989
_c8557
_d8557